Manager`s Data in Human Resource Management from the Perspective of the Work Position
Motivácia zamestnancov v slovenských podnikoch v závislosti od pracovnej pozície.
Saved in:
| Main Author: | |
|---|---|
| Other Authors: | , |
| Format: | Book Chapter |
| Language: | English |
| Subjects: | |
| Tags: |
No Tags, Be the first to tag this record!
|
MARC
| LEADER | 00000naa a2200000 4500 | ||
|---|---|---|---|
| 001 | 0242938 | ||
| 005 | 20221104110214.1 | ||
| 041 | 0 | |a eng | |
| 044 | |a SK | ||
| 245 | 1 | 0 | |a Manager`s Data in Human Resource Management from the Perspective of the Work Position |c Miloš Hitka, Silvia Lorincová, Lenka Ližbetinová |
| 520 | |a Motivácia zamestnancov v slovenských podnikoch v závislosti od pracovnej pozície. | ||
| 610 | 2 | 0 | |a miesta pracovné |
| 610 | 2 | 0 | |a riadenie ľudských zdrojov |
| 610 | 2 | 0 | |a manažéri |
| 610 | 2 | 0 | |a Slovensko |
| 610 | 2 | 0 | |a podnik |
| 610 | 2 | 0 | |a motivácia pracovná |
| 100 | 1 | |a Hitka, Miloš | |
| 700 | 1 | |a Lorincová, Silvia | |
| 700 | 1 | |a Ližbetinová, Lenka | |